00737nam a2200253Ia 4500008004000000020001800040041000800058082001700066100001900083245005700102260002500159300001000184650001100194650000800205650001400213650001500227650001400242650000800256650001000264690003600274906001100310999001900321952014300340210210b2010 xxu||||| |||| 00| 0 eng d a9788130910246 aeng a320.954 NIGA aNIGAM (Aditya) aAfter utopiabModernity socialism and the postcolony aNDbViva booksc2010 ax,282 autopia athe asocialism apostcolony aModernity aand aAfter aPolitical Situation & Condition a066811 c152450d152450 001040708Political ScienceaALbALcPolitical Scienced2021-02-17g895.00l0o320.954 NIGAp066811r2021-02-17 00:00:00w2021-02-17yBK